000
00226 a2200109 4500
001
125423
040
_c
Escola Canadense de Niteroi
090
_a
F4
100
_a
Junqueira, Sonia
245
1
0
_a
A Festa Encrencada
942
_c
BK
999
_c
125423
_d
125423